• 首页
  • 本馆介绍
  • 公告通知
  • 最新文献
  • 馆藏检索
  • 电子资源
  • 读者导购
  • 参考咨询
  • 我的图书馆
  • 登录
  • 详细信息显示
  • 放入我的书架
  • 预约/预借图书
  • 作者相关作品
  • 分类相关作品
  • 丛书相关作品
  • 出版社相关作品

书目信息

  • 表格格式
  • 工作单格式
  • 卡片格式
题名:
2009考研英语阅读命题思路透析及真题揭秘(配套资料)
    
 
作者: 周雷 主编
分册:  
出版信息: 北京   群言出版社  2008
页数: 220页
开本: 26cm
丛书名: 新东方大愚英语学习丛书
单 册:
中图分类: H310.421
科图分类:
主题词: 英语--阅读教学--研究生--入学考试--自学参考资料 , 英语 , 阅读教学
电子资源:
ISBN: 978-7-80080-873-9
000 01078oam2 2200289 45
001 1357511188
005 20131010160007.26
010    @a978-7-80080-873-9@dCNY45.00
100    @a20100420d2008 ekmy0chiy0120 ea
101 0  @achi@aeng
102    @aCN@b110000
105    @ay z 000yy
200 1  @a2009考研英语阅读命题思路透析及真题揭秘(配套资料)@A2009 Kao Yan Ying Yu Yue Dou Ming Ti Si Lu Tou Xi Ji Zhen Ti Jie Mi@f周雷主编@FZhou Lei Zhu Bian
205    @a2版
210    @a北京@c群言出版社@d2008
215    @a220页@d26cm
225 2  @a新东方大愚英语学习丛书
300    @a新东方考研英语培训教材
330    @a本书内容包括考研英语阅读理解A总论、中心思想题命题思路透析、情感态度题命题思路透析、猜词题命题思路透析、细节题命题思路透析、推理判断题命题思路透析、阅读理解A17年真题全析全解。
461  0 @12001 @a新东方大愚英语学习丛书
606 0  @a英语@x阅读教学@x研究生@x入学考试@j自学参考资料
606 0  @a英语
606 0  @a阅读教学
690    @aH310.421@v4
701  0 @a周雷@AZhou Lei@4主编
801  0 @aCN@bTANGWEI@c20100428
905    @b0594183-87@dH310.421@e1578
    
    2009考研英语阅读命题思路透析及真题揭秘(配套资料)/周雷主编.-2版.-北京:群言出版社,2008
    220页;26cm.-(新东方大愚英语学习丛书)
    新东方考研英语培训教材
    
    ISBN 978-7-80080-873-9:CNY45.00
    本书内容包括考研英语阅读理解A总论、中心思想题命题思路透析、情感态度题命题思路透析、猜词题命题思路透析、细节题命题思路透析、推理判断题命题思路透析、阅读理解A17年真题全析全解。
●
相关链接 在E读中查询图书 在五车中查询图书 在当当中查询图书 在豆瓣中查询图书


正题名:2009考研英语阅读命题思路透析及真题揭秘(配套资料)     索取号:H310.421/1578         预约/预借

序号 登录号 条形码 馆藏地/架位号 状态 备注
1 0625715   206257156   第二样本阅览室/ [索取号:H310.421/1578] 在馆    
2 0625716   206257165   第四借阅区/ [索取号:H310.421/1578] 在馆    
3 0625717   206257174   第四借阅区/ [索取号:H310.421/1578] 在馆    
4 0625718   206257183   第四借阅区/ [索取号:H310.421/1578] 在馆    
5 0625719   206257192   第四借阅区/ [索取号:H310.421/1578] 在馆    
唐山师范学院图书馆 欢迎您!
大连网信软件有限公司© 版权所有